00451nam a2200181 a 4500001001300000003000900013005001700022008004100039020000900080082001800089100001700107245002800124260003900152300000900191500003500200650001700235700001700252nice12345678IN_TiNIC20260116012037.0050524s1971 luca grp 000 0 urd  ac1500a891.4393bJAV aJaved, Masud aNazr-E-iblis Ek Doshiza aLucknowbSarfraz Qaumi Pressc1971 a668p aincludes index and biblioraphy aUrdu-Fiction1 aJaved, Masud